[Event "ch-Nordic"]
[Site "Aarhus DEN"]
[Date "2003.09.16"]
[Round "10"]
[White "Hector,J"]
[Black "Agrest,E"]
[Result "1/2-1/2"]
[WhiteElo "2538"]
[BlackElo "2605"]

1.e4 c5 2.Nf3 e6 3.d4 cxd4 4.Nxd4 a6 5.Nc3 Qc7 6.Bd3 Bc5 7.Nb3 Be7 8.Qg4 g6
9.Bg5 d6 10.O-O-O Nf6 11.Qf4 Nbd7 12.Rhe1 e5 13.Qd2 b5 14.Bxb5 axb5 15.Nxb5 Qb8
16.Nxd6+ Bxd6 17.Qxd6 Qxd6 18.Rxd6 Ra6 19.Rxa6 Bxa6 20.Bxf6 Nxf6 21.Nc5 Bc8
22.c4 Ke7 23.Kc2 Nd7 24.Nd3 Ba6 25.Kc3 Rc8 26.b3 Ke6 27.a4 Nc5 28.Nxc5+ Rxc5
29.Rd1 Rc8 30.f3 f5 31.a5 fxe4 32.fxe4 Bb7 33.Re1 Ba6 34.Rd1 Bb7 35.Re1 Ba6
36.Re3 h5 37.h4 Rc5 38.Rg3 Kf6 39.Rd3 Rxa5 40.Rd6+ Ke7 41.Rxg6 Bc8 42.Rg5 Bg4
43.Kb4 Ra2 44.Rxe5+ Kd6 45.Rd5+ Kc6 46.Rc5+ Kb6 47.Rb5+ Kc6 48.Rc5+ Kb6 49.Rb5+ Kc6  1/2-1/2

[Event "zt 2.5"]
[Site "Asuncion PAR"]
[Date "2003.09.16"]
[Round "3"]
[White "Crosa,M"]
[Black "Mahia,G"]
[Result "0-1"]
[WhiteElo "2412"]
[BlackElo "2377"]

1.e4 c5 2.Nf3 e6 3.d4 cxd4 4.Nxd4 a6 5.Nc3 b5 6.g3 Bb7 7.Bg2 Nf6 8.O-O b4
9.Na4 Bxe4 10.Bxe4 Nxe4 11.Re1 Nf6 12.Qf3 d5 13.Bf4 Be7 14.Rxe6 fxe6 15.Nxe6 Qa5
16.b3 Nc6 17.Nc7+ Kf7 18.Qe3 Ne4 19.f3 Bf6 20.Rd1 Rad8 21.fxe4 dxe4 22.Rxd8 Rxd8
23.Qxe4 Nd4 24.g4 h6 25.Kg2 Kg8 26.Kh3 Kh8 27.Ne8 Qd5 28.Nxf6 gxf6 29.Qg6 Qf3+  0-1

[Event "EYb16"]
[Site "Budva YUG"]
[Date "2003.09.16"]
[Round "4"]
[White "Gigov,M"]
[Black "Ramesa,D"]
[Result "0-1"]
[WhiteElo "2079"]
[BlackElo "2156"]

1.e4 c5 2.Nf3 e6 3.d4 cxd4 4.Nxd4 a6 5.Nc3 Qc7 6.Be2 Bb4 7.Qd3 b6 8.f4 Bb7
9.Bf3 Ne7 10.O-O O-O 11.Nce2 Nbc6 12.c3 Bc5 13.Be3 e5 14.Nf5 exf4 15.Bxc5 bxc5
16.Qd6 Qxd6 17.Nxd6 Rab8 18.Nxf4 Ne5 19.Rfd1 Bc6 20.b3 a5 21.Nd3 Nxd3 22.Rxd3 Ng6
23.Nf5 Rfe8 24.c4 Ne5 25.Rc3 a4 26.Ne3 Rb7 27.Nd5 Bxd5 28.exd5 d6 29.Kf2 g6
30.Bd1 a3 31.Rac1 Kg7 32.R1c2 f5 33.g3 Rf8 34.Bf3 h5 35.h3 Re7 36.Re2 Rfe8
37.Rce3 Kf6 38.h4 Rh8 39.Re1 g5 40.hxg5+ Kxg5 41.Rb1 Rb7 42.Be2 Rb4 43.Rh1 Rbb8
44.Rb1 h4 45.gxh4+ Rxh4 46.Rg1+ Kf6 47.Reg3 Rh2+ 48.R1g2 Rbh8 49.Rxh2 Rxh2+
50.Rg2 Rxg2+ 51.Kxg2 Kg5 52.Kg3 f4+ 53.Kf2 Kf5 54.Bf3 Nd3+ 55.Kf1 Nc1 56.b4 cxb4  0-1

[Event "Saipa Cup"]
[Site "Tehran IRI"]
[Date "2003.09.16"]
[Round "4"]
[White "Kayumov,D"]
[Black "Moradiabadi,E"]
[Result "1/2-1/2"]
[WhiteElo "2505"]
[BlackElo "2354"]

1.e4 c5 2.Nf3 e6 3.d4 cxd4 4.Nxd4 a6 5.Nc3 Qc7 6.Be2 Nf6 7.O-O Bb4 8.Qd3 Nc6
9.Nxc6 bxc6 10.f4 d5 11.e5 Nd7 12.Kh1 Be7 13.Na4 c5 14.c4 d4 15.Bf3 Bb7 16.Bd2 O-O
17.b3 f5 18.exf6 Rxf6 19.Be4 Bxe4 20.Qxe4 Raf8 21.Kg1 Bd6 22.g3 h6 23.Nb2 e5
24.Nd3 exf4 25.Nxf4 Bxf4 26.Bxf4 Qc6 27.Qxc6 Rxc6 28.Rae1 g5 29.Bd2 Rxf1+
30.Kxf1 Kf7 31.h4 gxh4 32.gxh4 h5 33.Bg5  1/2-1/2

[Event "EYg16"]
[Site "Budva YUG"]
[Date "2003.09.17"]
[Round "5"]
[White "Zawadzka,J"]
[Black "Schneider,Ve"]
[Result "1-0"]
[WhiteElo "2275"]
[BlackElo "2094"]

1.e4 c5 2.Nf3 e6 3.d4 cxd4 4.Nxd4 a6 5.Nc3 Qc7 6.Bd3 Nf6 7.f4 d6 8.Qf3 Nbd7
9.g4 g6 10.g5 Nh5 11.Be3 Be7 12.O-O b5 13.a3 Bb7 14.Qh3 e5 15.fxe5 dxe5 16.Nde2 Bc5
17.Kh1 Bxe3 18.Qxe3 Nc5 19.Rad1 O-O 20.Rf3 Ne6 21.Nd5 Bxd5 22.exd5 Nef4 23.Nc3 Rfd8
24.Re1 Nxd3 25.cxd3 Re8 26.Ne4 Qa7 27.Qxa7 Rxa7 28.Rc1 Rd8 29.d6 Nf4 30.Rc5 Ne6
31.Rxe5 Kg7 32.Nf6 Rc8 33.d7 Rc1+ 34.Kg2 Rc2+ 35.Kf1 Ra8 36.Ne8+ Kg8 37.Nd6 Rd8
38.Rxe6  1-0

[Event "3rd ch-Euro Senior"]
[Site "Saint Vincent ITA"]
[Date "2003.09.17"]
[Round "1"]
[White "Schmidt,Eu"]
[Black "Asmundsson,I"]
[Result "0-1"]
[WhiteElo "1996"]
[BlackElo "2321"]

1.e4 c5 2.Nf3 e6 3.d4 cxd4 4.Nxd4 a6 5.Nc3 b5 6.Be3 Bb7 7.f3 Nf6 8.Qd2 d5
9.exd5 Nxd5 10.Nxd5 Bxd5 11.c3 Qd7 12.Be2 Be7 13.O-O O-O 14.Rfd1 Rd8 15.Qc2 g6
16.a4 e5 17.Nb3 Qe6 18.Nc5 Bxc5 19.Bxc5 Nd7 20.c4 bxc4 21.Bf2 Rac8 22.Kh1 c3
23.Ra3 cxb2 24.Qxb2 Nc5 25.Qb4 Nb3 26.h3 Rc2 27.Bh4 Rdc8 28.Bd3 Bxf3 29.Bf5 Qxf5  0-1

[Event "EYb14"]
[Site "Budva YUG"]
[Date "2003.09.20"]
[Round "7"]
[White "Andriasian,Z"]
[Black "Berczes,D"]
[Result "1-0"]
[WhiteElo "2311"]
[BlackElo "2393"]

1.e4 c5 2.Nf3 e6 3.d4 cxd4 4.Nxd4 a6 5.Nc3 Qc7 6.Bd3 Nc6 7.Be3 Nf6 8.O-O Bd6
9.Nxc6 dxc6 10.f4 e5 11.f5 Qe7 12.Bg5 O-O 13.Qf3 Qd8 14.Kh1 Be7 15.Rad1 Nd7
16.Be3 Bg5 17.Bf2 b5 18.g3 Qe7 19.h4 Bf6 20.Kg2 g6 21.Rh1 Bg7 22.g4 f6 23.fxg6 hxg6
24.h5 Rd8 25.Be3 Nf8 26.hxg6 Nxg6 27.Rh5 Be6 28.Rdh1 Rf8 29.Rh7 Rf7 30.Qh3 Rff8
31.Kg3 Rfd8 32.b4 Nf8 33.Bc5 Qd7 34.Bxf8 Kxf8 35.Rf1 Bg8 36.Rxf6+ Bxf6 37.Rxd7 Rxd7
38.Qh6+ Bg7 39.Qxc6 Rdd8 40.Qc5+ Kf7 41.Nd5 Kg6 42.Qf2 Bxd5 43.exd5+ Kh6
44.Qe3+  1-0

[Event "TCh-FIN 2003-4"]
[Site "Finland FIN"]
[Date "2003.09.20"]
[Round "1"]
[White "Kosmo,S"]
[Black "Kanko,I"]
[Result "0-1"]
[WhiteElo "2180"]
[BlackElo "2275"]

1.e4 c5 2.Nf3 e6 3.Nc3 a6 4.d4 cxd4 5.Nxd4 Qc7 6.Bd3 b5 7.O-O Bb7 8.Qe2 d6
9.Kh1 Nf6 10.f4 Nbd7 11.Bd2 Be7 12.Rae1 O-O 13.e5 Nd5 14.exd6 Qxd6 15.Ne4 Qb6
16.c3 N7f6 17.Nxf6+ Bxf6 18.Qh5 g6 19.Qh3 Bxd4 20.cxd4 Qxd4 21.Bc1 Rac8 22.Bb1 Rxc1
23.Rxc1 Nxf4 24.Rcd1 Qxd1  0-1

[Event "3rd ch-Euro Senior"]
[Site "Saint Vincent ITA"]
[Date "2003.09.20"]
[Round "4"]
[White "Tatai,S"]
[Black "Stepak,Y"]
[Result "1-0"]
[WhiteElo "2343"]
[BlackElo "2268"]

1.e4 c5 2.Nf3 e6 3.d4 cxd4 4.Nxd4 a6 5.Nc3 Qc7 6.g3 Nf6 7.Bg2 Nc6 8.O-O Be7
9.Re1 d6 10.Nxc6 bxc6 11.e5 dxe5 12.Rxe5 Bb7 13.Re2 Rd8 14.Qe1 O-O 15.Bf4 Qb6
16.Na4 Qb4 17.Qxb4 Bxb4 18.c4 Be7 19.Be3 Nd7 20.b3 e5 21.Bd2 Nc5 22.Ba5 Rd7
23.Nb6 Rd3 24.Rb1 f6 25.b4 Ne6 26.b5 axb5 27.cxb5 Nd4 28.Re3 Ra3 29.Rxa3 Bxa3
30.Nd7 Ra8 31.Bb6 Nxb5 32.Rxb5 cxb5 33.Bxb7 Re8 34.Bc6 Rc8 35.Bxb5 Kf7 36.Be3 Ke7
37.Nb6 Rb8 38.Bd3 Rd8 39.Bxh7 Rd1+ 40.Kg2 Ra1 41.Bg8 Bb2 42.Bb3 Bd4 43.Nd5+ Kd6
44.h4 f5 45.Kf3 Bb2 46.Nb6 Bd4 47.Nc4+ Ke7 48.Bxd4 exd4 49.Ke2 Kf6 50.Nd2 f4
51.g4 Rg1 52.Kf3 Rh1 53.Kxf4 Rxh4 54.Nf3 Rh3 55.Nxd4 g5+ 56.Ke4 Rh1 57.a4 Ra1
58.Kd5 Ra3 59.f3 Ra1 60.Nc6 Rf1 61.Nd4 Ra1 62.Bc2 Ra3 63.Kc4 Ke5 64.Kb4 Re3
65.Nc6+ Kd6 66.Be4 Re2 67.a5 Ra2 68.Kb5  1-0

[Event "EYb14"]
[Site "Budva YUG"]
[Date "2003.09.21"]
[Round "8"]
[White "Martic,N"]
[Black "Skjoldan,B"]
[Result "1-0"]
[WhiteElo "2164"]
[BlackElo "2092"]

1.e4 c5 2.Nf3 e6 3.d4 cxd4 4.Nxd4 a6 5.Nc3 b5 6.Bd3 Qb6 7.Nb3 Qc7 8.Be3 Bb7
9.O-O d6 10.f4 Nd7 11.f5 e5 12.a4 b4 13.Na2 a5 14.c3 Ngf6 15.cxb4 Nxe4 16.Rc1 Qb8
17.Nxa5 Nef6 18.Nxb7 Qxb7 19.Bb5 Rd8 20.Bc6 Qb8 21.a5 d5 22.Bb6 Rc8 23.Bxd7+ Nxd7
24.Rxc8+ Qxc8 25.Qxd5  1-0

[Event "zt 2.5"]
[Site "Asuncion PAR"]
[Date "2003.09.22"]
[Round "8"]
[White "Rojas,L"]
[Black "Giardelli,S"]
[Result "0-1"]
[WhiteElo "2433"]
[BlackElo "2437"]

1.e4 c5 2.Nf3 e6 3.d4 cxd4 4.Nxd4 a6 5.Nc3 Qc7 6.Be3 b5 7.Qd2 Bb7 8.f3 Nc6
9.O-O-O Nf6 10.g4 h6 11.h4 b4 12.Na4 d5 13.Bh3 Nxd4 14.Bxd4 dxe4 15.g5 Nd7
16.g6 f5 17.fxe4 Bxe4 18.Rhe1 Qc6 19.b3 Be7 20.Rxe4 fxe4 21.Bxg7 Rg8 22.Bxh6 Rxg6
23.h5 Rg3 24.Bg2 Rd8 25.Qf2 Rg8 26.Bf4 e3 27.Bxc6 exf2 28.Be3 Bg5 29.Bxg5 Rxg5
30.Be4 Rg1  0-1

[Event "3rd ch-Euro Senior"]
[Site "Saint Vincent ITA"]
[Date "2003.09.22"]
[Round "6"]
[White "Klundt,K"]
[Black "Stepak,Y"]
[Result "1/2-1/2"]
[WhiteElo "2359"]
[BlackElo "2268"]

1.e4 c5 2.Nf3 e6 3.d4 cxd4 4.Nxd4 a6 5.Nc3 Qc7 6.g3 b5 7.Bg2 Bb7 8.O-O Nf6
9.Re1 d6 10.a4 bxa4 11.Rxa4 Nbd7 12.Nb3 Nb6 13.Ra2 Nc4 14.Qe2 Rc8 15.Bf1 Qd8
16.Qd1 Qc7 17.Bxc4 Qxc4 18.Na5 Qc7 19.Nxb7 Qxb7 20.Qd3 Rc6 21.Bg5  1/2-1/2

[Event "zt 2.5"]
[Site "Asuncion PAR"]
[Date "2003.09.23"]
[Round "9"]
[White "Felgaer,R"]
[Black "Vasquez,R"]
[Result "1-0"]
[WhiteElo "2551"]
[BlackElo "2514"]

1.e4 c5 2.Nf3 e6 3.d4 cxd4 4.Nxd4 a6 5.Nc3 Qc7 6.g3 Bb4 7.Bd2 Nf6 8.Bg2 Be7
9.f4 d6 10.a4 Nc6 11.Nb3 b6 12.O-O Rb8 13.Kh1 O-O 14.g4 g6 15.f5 Ne5 16.g5 Nh5
17.f6 Bd8 18.Nd4 Bd7 19.Nce2 Rc8 20.Ra3 Nc4 21.Rc3 Qb8 22.Rh3 Nxd2 23.Qxd2 d5
24.exd5 exd5 25.Rxh5 gxh5 26.Nf4 Qe5 27.Nxd5 Kh8 28.Re1 Qd6 29.Qe2 Bg4 30.Qe3 Rc5
31.Qe4 Rg8 32.Qe8 Qd7 33.Qxd7 Bxd7 34.h4 Rc4 35.c3 Rxa4 36.Ne7 Rf8 37.Bd5 Ra5
38.c4 Ra2 39.Ndf5 Rxb2 40.Nd6 Be6 41.Bxe6 fxe6 42.Rxe6 Rd2 43.Nef5 h6 44.f7 Rd1+
45.Kg2 Rxd6 46.g6  1-0

[Event "3rd ch-Euro Senior"]
[Site "Saint Vincent ITA"]
[Date "2003.09.23"]
[Round "7"]
[White "Tseitlin,Ma"]
[Black "Asmundsson,I"]
[Result "1-0"]
[WhiteElo "2456"]
[BlackElo "2321"]

1.e4 c5 2.Nf3 e6 3.d4 cxd4 4.Nxd4 a6 5.Nc3 Qc7 6.Be2 Nc6 7.O-O Nf6 8.a3 Nxd4
9.Qxd4 Bd6 10.Kh1 Be5 11.Qd3 b5 12.f4 Bxc3 13.bxc3 Bb7 14.Bf3 O-O 15.a4 Rfc8
16.axb5 axb5 17.Rxa8 Bxa8 18.e5 Nd5 19.Bd2 Qc4 20.h3 Nb6 21.Bxa8 Rxa8 22.Rb1 Qc6
23.Rxb5 Nc4 24.Rb4 Rc8 25.Be1 h6 26.Bf2 Kh8 27.Bd4 Kg8 28.Kg1 Kh8 29.Kf2 d5
30.exd6 Nxd6 31.Rb6  1-0

[Event "Saipa Cup"]
[Site "Tehran IRI"]
[Date "2003.09.23"]
[Round "11"]
[White "Kayumov,D"]
[Black "Mahjoob,M"]
[Result "0-1"]
[WhiteElo "2505"]
[BlackElo "2408"]

1.e4 c5 2.Nf3 e6 3.d4 cxd4 4.Nxd4 a6 5.Nc3 b5 6.Bd3 Qb6 7.Nf3 Nc6 8.e5 Nge7
9.Bf4 Ng6 10.Bg3 Qc7 11.O-O b4 12.Na4 Ngxe5 13.Be4 Nxf3+ 14.Bxf3 Qa5 15.b3 d5
16.a3 Bb7 17.Re1 Rd8 18.Bh4 Rd7 19.Bh5 Be7 20.Rxe6 g6 21.axb4 Qc7 22.Bg3 Qd8
23.Re1 gxh5 24.Nc5 O-O 25.Nxd7 Qxd7 26.Qxh5 f5 27.Bf4 Bf6 28.Rad1 Ne7 29.c4 d4
30.Qe2 Ng6 31.Bh6 Rd8 32.Qe6+ Qxe6 33.Rxe6 Kf7 34.Rb6 Rd7 35.b5 axb5 36.Rxb5 Be4
37.Rc1 f4 38.f3 Bd3 39.g3 Be2 40.gxf4 d3 41.f5 Nh4 42.Kf2 Nxf3 43.Rd5 Re7
44.Rxd3 Bh4+ 45.Kg2 Bxd3 46.Kxf3 Bxf5 47.Rg1 Bf6 48.Bg5 Rb7 49.Kf4 Bc2 50.Bxf6 Kxf6
51.Rc1 Bf5 52.Rc3 Re7 53.c5 Re4+ 54.Kf3 Rb4 55.Ke3 Be6 56.Rc2 Ke5 57.c6 Rxb3+
58.Kf2 Rb8 59.c7 Rc8 60.Ke3 Kd6 61.Kf4 Rxc7 62.Rd2+ Bd5 63.Kg5 Ke5 64.Kh6 Be4
65.Rf2 Rc6+ 66.Kh5 Rf6 67.Rb2 Bg6+ 68.Kg4 Rf4+ 69.Kg3 Rd4 70.Ra2 Bf5 71.Re2+ Kf6
72.Rb2 Kg5 73.Ra2 Rd3+ 74.Kf2 Kf4 75.Ra4+ Be4 76.Ra2 Rc3  0-1

[Event "2nd League TCh-SCG"]
[Site "Belgrade SCG"]
[Date "2003.09.27"]
[Round "1"]
[White "Dena,B"]
[Black "Djerfi,K"]
[Result "0-1"]
[WhiteElo "2289"]
[BlackElo "2312"]

1.e4 c5 2.Nf3 e6 3.d4 cxd4 4.Nxd4 a6 5.Nc3 b5 6.a3 Bb7 7.Be3 Qc7 8.Bd3 Nf6
9.O-O Be7 10.f4 d6 11.Qf3 Nbd7 12.g4 g5 13.fxg5 Ne5 14.Qh3 Nfxg4 15.g6 Rg8
16.gxh7 Rh8 17.Rxf7 Nxe3 18.Nxe6 Qb6 19.Qh5 Nxf7 20.Ng7+ Kd7 21.Qxf7 Rxh7
22.Qe6+ Kc6 23.a4 Ng4+  0-1

[Event "Tatry Open"]
[Site "Tatranske Zruby SVK"]
[Date "2003.09.27"]
[Round "1"]
[White "Pinter,E"]
[Black "Smalara,K"]
[Result "1-0"]
[WhiteElo "2411"]
[BlackElo "2060"]

1.e4 c5 2.Nf3 e6 3.Nc3 a6 4.d4 cxd4 5.Nxd4 Qc7 6.Be2 Nf6 7.O-O b5 8.Bf3 Bb7
9.Re1 b4 10.Nd5 Nxd5 11.exd5 Bc5 12.dxe6 O-O 13.Bxb7 Qxb7 14.e7 Re8 15.Nf5 Nc6
16.Qg4 g6 17.Qc4 Bxe7 18.Nh6+ Kg7 19.Qxf7+ Kh8 20.b3  1-0

[Event "ECC"]
[Site "Rethymnon GRE"]
[Date "2003.09.28"]
[Round "1"]
[White "Laihonen,P"]
[Black "Landa,K"]
[Result "0-1"]
[WhiteElo "2260"]
[BlackElo "2614"]

1.e4 c5 2.Nf3 e6 3.d4 cxd4 4.Nxd4 a6 5.Nc3 Qc7 6.Be3 Nf6 7.Qd2 Bb4 8.f3 d5
9.a3 Bxc3 10.bxc3 dxe4 11.c4 O-O 12.Nb3 Nc6 13.Qf2 e5 14.Bb6 Qd7 15.Be2 exf3
16.gxf3 Re8 17.Rg1 e4 18.f4 e3 19.Qg2 g6 20.Bd3 Qg4 21.Qg3 h5 22.Be2 Qxg3+
23.Rxg3 Bf5 24.O-O-O h4 25.Rgg1 Nd7 26.Nd4 Nxb6 27.Nxf5 Na4 28.Nxh4 Nc3 29.Rde1 Nxe2+
30.Rxe2 Nd4 31.Ree1 Rac8 32.Rg3 Rxc4 33.Rgxe3 Rxc2+ 34.Kb1 Rxe3 35.Rxe3 Rxh2  0-1

[Event "ECC"]
[Site "Rethymnon GRE"]
[Date "2003.09.28"]
[Round "1"]
[White "Pfaffel,T"]
[Black "Portisch,L"]
[Result "0-1"]
[WhiteElo "2126"]
[BlackElo "2586"]

1.e4 c5 2.Nf3 e6 3.d4 cxd4 4.Nxd4 a6 5.Nc3 b5 6.a3 Bb7 7.Bd3 d6 8.O-O Nf6
9.Kh1 Nbd7 10.f4 Be7 11.Qe2 Nc5 12.Be3 Nfxe4 13.Nxe4 Nxe4 14.Qg4 Nf6 15.Qg3 Qd7
16.Nf3 g6 17.Bd4 Nh5 18.Qf2 O-O 19.Nd2 f5 20.Rae1 Rae8 21.Re2 Bd8 22.Rfe1 Bc7
23.c4 e5 24.Be3 Nf6 25.cxb5 Ng4 26.Qg1 Nxe3 27.Qxe3 axb5 28.Bc2 Kh8 29.Nf3 Qg7
30.Bb3 Bxf3 31.gxf3 Rb8 32.Bd5 Bb6 33.Qd2 Bd4 34.Rc1 exf4 35.Qxf4 Bxb2 36.Rb1 Be5
37.Qe3 Rfc8 38.f4 Bf6 39.Qd3 Qa7 40.Re6 Bd4 41.Rxd6 Rc3 42.Qd2 Rxa3 43.Bc6 Ra1
44.Rd1 Rxd1+ 45.Qxd1 Bc3 46.Bxb5 Qe3 47.Rd3 Qe4+ 48.Kg1 Rxb5 49.Rd8+ Kg7
50.Qd7+ Kh6 51.Qxb5 Bd4+ 52.Kf1 Qf3+  0-1

[Event "7th Itau Cup"]
[Site "Sao Paulo BRA"]
[Date "2003.09.28"]
[Round "2"]
[White "Galego,L"]
[Black "Bachmann,An"]
[Result "1-0"]
[WhiteElo "2494"]
[BlackElo "2243"]

1.e4 c5 2.Nf3 e6 3.Nc3 a6 4.d4 cxd4 5.Nxd4 Qc7 6.Bd3 Nc6 7.Nxc6 dxc6 8.O-O e5
9.a4 a5 10.Qe2 Nf6 11.Nd1 Bc5 12.Bg5 Bg4 13.Qe1 h6 14.Bxf6 gxf6 15.Ne3 Be6
16.Kh1 O-O-O 17.Bc4 Rd4 18.Bd3 Rdd8 19.Qe2 Rhg8 20.Bc4 Rd4 21.Bd3 Rdd8 22.Qf3 Rg6
23.Rad1 Rdg8 24.g3 h5 25.Nf5 h4 26.b3 hxg3 27.fxg3 Rh8 28.Bc4 Kb8 29.Rd3 Bxf5
30.Qxf5 Rgh6 31.h4 Rg6 32.Kh2 Qe7 33.Rd7 Qf8 34.Rxf7 Qh6 35.Qd7  1-0

[Event "Tatry Open"]
[Site "Tatranske Zruby SVK"]
[Date "2003.09.28"]
[Round "2"]
[White "Gruca,M"]
[Black "Likavsky,T"]
[Result "1-0"]
[WhiteElo "2180"]
[BlackElo "2470"]

1.e4 c5 2.Nf3 e6 3.d4 cxd4 4.Nxd4 a6 5.Nc3 b5 6.Be3 Bb7 7.f3 d6 8.Qd2 Nd7
9.g4 Ne7 10.h4 b4 11.Na4 d5 12.O-O-O e5 13.Nb3 d4 14.Nac5 Bc8 15.Bxd4 exd4
16.Qxd4 Nc6 17.Qd5 Nxc5 18.Qxc6+ Bd7 19.Rxd7 Nxd7 20.Bxa6 Be7 21.Rd1 O-O
22.Bb7 Rxa2 23.Rxd7 Qe8 24.Qc7 Bf6 25.Bd5 Kh8 26.Rxf7 Rxf7 27.Qxf7 Qxf7 28.Bxf7 Bxh4
29.e5 g6 30.Nd4 Kg7 31.Bxa2  1-0

[Event "ECC"]
[Site "Rethymnon GRE"]
[Date "2003.09.29"]
[Round "2"]
[White "Borriss,M"]
[Black "Kobalia,M"]
[Result "1/2-1/2"]
[WhiteElo "2445"]
[BlackElo "2656"]

1.e4 c5 2.Nf3 e6 3.d4 cxd4 4.Nxd4 a6 5.Nc3 b5 6.Bd3 d6 7.O-O Nf6 8.a4 b4
9.Na2 Qb6 10.c3 bxc3 11.Nxc3 Nbd7 12.Be3 Qb7 13.b4 Ne5 14.b5 axb5 15.Bxb5+ Bd7
16.Rb1 Bxb5 17.Rxb5 Qc8 18.Qb3 Be7 19.Rb7 Ned7 20.Ndb5 O-O 21.Na7 Qe8 22.Nc6 Rc8
23.Qb5 Bd8 24.Rc1 Nc5 25.Bxc5 Qxc6 26.Be3 Ng4 27.Qxc6 Rxc6 28.Nb5 Ra6 29.Ra7 Ra5
30.Rxa5 Bxa5 31.Ba7 d5 32.exd5 exd5 33.Bd4 f6 34.f3 Ne5 35.Nd6 Bb4 36.Nb5 Ra8
37.Ra1 Nc6 38.Bb6 Rb8 39.Bc7 Ra8 40.Bb6 Rb8 41.Be3 Re8 42.Bb6 d4 43.Rd1 Rb8
44.Bc7 Ra8 45.Kf1 Bc3 46.Rc1 Rxa4 47.Nxc3 dxc3 48.Rxc3 Ra1+ 49.Kf2 Ra2+ 50.Kf1 Nd4
51.Rd3 Ra1+ 52.Kf2 Ne6 53.Rd2 h5 54.Bb6 Rb1 55.Be3 g5 56.Rd7 Rb2+ 57.Rd2 Rb7
58.g3 Kg7 59.Kg2 Rb3 60.Kf2 Ra3  1/2-1/2

[Event "ECC"]
[Site "Rethymnon GRE"]
[Date "2003.09.30"]
[Round "3"]
[White "Oberweis,P"]
[Black "Sandalakis,A"]
[Result "1/2-1/2"]
[WhiteElo "2183"]
[BlackElo "2138"]

1.e4 c5 2.Nf3 e6 3.d4 cxd4 4.Nxd4 a6 5.Nc3 Qc7 6.Be2 Nf6 7.O-O Bb4 8.Qd3 b5
9.Bf3 Bxc3 10.bxc3 Bb7 11.a4 bxa4 12.Rxa4 O-O 13.Bg5 Rc8 14.Bxf6 gxf6 15.e5 fxe5
16.Bxb7 Qxb7 17.Qg3+ Kf8 18.Qxe5 Nc6 19.Qd6+ Ne7 20.Nf5 exf5 21.Re1 Re8 22.Qh6+ Kg8
23.Rh4 Ng6 24.Qxh7+ Kf8 25.Qh6+ Kg8  1/2-1/2

[Event "7th Itau Cup"]
[Site "Sao Paulo BRA"]
[Date "2003.09.30"]
[Round "4"]
[White "Rosito,J"]
[Black "Boim,I"]
[Result "1-0"]
[WhiteElo "2426"]
[BlackElo "2373"]

1.e4 c5 2.Nf3 e6 3.d4 cxd4 4.Nxd4 a6 5.Nc3 Qc7 6.Be2 b5 7.O-O Bb7 8.Re1 d6
9.a4 b4 10.Na2 Nf6 11.Bf3 e5 12.Nf5 g6 13.Bg5 Nxe4 14.Bxe4 Bxe4 15.Rxe4 gxf5
16.Qd5 fxe4 17.Qxa8 a5 18.c3 b3 19.Nc1 f5 20.Ra3 Bg7 21.Rxb3 O-O 22.Rb7 Qc6
23.Qa7 Bf6 24.Bxf6 Rxf6 25.Rg7+  1-0

[Event "Tatry Open"]
[Site "Tatranske Zruby SVK"]
[Date "2003.09.30"]
[Round "5"]
[White "Pirklova,H"]
[Black "Zetocha,C"]
[Result "0-1"]
[WhiteElo "2139"]
[BlackElo "2407"]

1.e4 c5 2.Nf3 e6 3.d4 cxd4 4.Nxd4 a6 5.Nc3 b5 6.a3 d6 7.g3 Bb7 8.Bg2 Nf6
9.Nb3 Be7 10.O-O Qc7 11.Be3 O-O 12.f4 Nc6 13.g4 Rfe8 14.g5 Nd7 15.Rf3 Bf8
16.Rh3 g6 17.Qg4 Bg7 18.Rf1 Nf8 19.Qh4 b4 20.axb4 Nxb4 21.Qf2 Rac8 22.Bb6 Qd7
23.Rg3 Ba8 24.Rd1 Qe7 25.Nc1 Rc4 26.Bf1 Rc6 27.Ba5 Rb8 28.Bg2 Rcc8 29.Bxb4 Rxb4
30.Nd3 Bd4 31.Re3 Qa7 32.Rde1 Rbc4 33.Kh1 Bxc3 34.bxc3 Rxc3 35.Qh4 Qd4 36.Bf1 d5  0-1

[Event "Osen II"]
[Site "Alushta UKR"]
[Date "2003.10.01"]
[Round "7"]
[White "Khudyakov,A"]
[Black "Alexandrova,O"]
[Result "0-1"]
[WhiteElo "2365"]
[BlackElo "2437"]

1.e4 c5 2.Nf3 e6 3.d4 cxd4 4.Nxd4 a6 5.Nc3 b5 6.a3 Bb7 7.Be2 d6 8.f4 Nf6
9.Bf3 Qc7 10.O-O Nbd7 11.Kh1 Be7 12.Qe2 O-O 13.Bd2 Nb6 14.Be1 Rac8 15.g4 Qc4
16.Qe3 Qxf1+  0-1

[Event "ECC"]
[Site "Rethymnon GRE"]
[Date "2003.10.02"]
[Round "5"]
[White "Polzin,R"]
[Black "Hellsten,J"]
[Result "1/2-1/2"]
[WhiteElo "2464"]
[BlackElo "2511"]

1.e4 c5 2.Nf3 e6 3.d4 cxd4 4.Nxd4 a6 5.Nc3 Qc7 6.Be2 b5 7.O-O Bb7 8.Re1 Nc6
9.Nxc6 dxc6 10.e5 Bb4 11.Bd3 Ne7 12.Qg4 c5 13.Bg5 Bxc3 14.bxc3 h5 15.Qg3 c4
16.Be4 Bxe4 17.Rxe4 Qc6 18.Rae1 Nd5 19.Bc1 O-O-O 20.Qf3 Rd7 21.Rd4  1/2-1/2

[Event "7th Itau Cup"]
[Site "Sao Paulo BRA"]
[Date "2003.10.03"]
[Round "7"]
[White "Rocha,W"]
[Black "Dumont,S"]
[Result "1-0"]
[WhiteElo "2420"]
[BlackElo "2342"]

1.e4 c5 2.Nf3 e6 3.d4 cxd4 4.Nxd4 a6 5.Nc3 b5 6.Bd3 Qb6 7.Nb3 Qc7 8.O-O d6
9.Bf4 b4 10.Ne2 Nf6 11.Qd2 Nc6 12.a3 bxa3 13.Rxa3 Be7 14.Na5 Nxa5 15.Qxa5 Qxa5
16.Rxa5 Bb7 17.Nc3 Nd7 18.f3 Bd8 19.Ra2 Bb6+ 20.Kh1 Ke7 21.Rfa1 Nc5 22.Bf1 a5
23.Rd1 e5 24.Be3 Rhd8 25.Bc4 Nd7 26.Bd5 Ra7 27.Bxb7 Bxe3 28.Nd5+ Ke6 29.Nxe3 Rxb7
30.Nf5 Nc5 31.Nxg7+ Kf6 32.Nf5 a4 33.h4 d5 34.b3 axb3 35.cxb3 Rxb3 36.Rc2 Ne6
37.Rc6 d4 38.Rd2 Rc3 39.Rb6 d3 40.Ne3 Kg7 41.Kg1 Nd4 42.h5 Nb3 43.h6+ Kf8
44.Rd1 Nd4 45.Kf2  1-0

[Event "ECC"]
[Site "Rethymnon GRE"]
[Date "2003.10.04"]
[Round "7"]
[White "Ivanov,O UKR"]
[Black "Sandalakis,A"]
[Result "1-0"]
[WhiteElo "2457"]
[BlackElo "2138"]

1.e4 c5 2.Nf3 e6 3.d4 cxd4 4.Nxd4 a6 5.Nc3 Qc7 6.g3 d6 7.Bg2 Nf6 8.O-O Be7
9.a4 Nc6 10.h3 Bd7 11.Nb3 Na5 12.g4 Nxb3 13.cxb3 h6 14.Be3 Bc6 15.b4 b6 16.b5 axb5
17.axb5 Bb7 18.Rxa8+ Bxa8 19.Qd4 Nd7 20.Rc1 Qb8 21.Ne2 Bf6 22.Qd2 Nc5 23.Qc2 O-O
24.b4 Nd7 25.Qc7 Qxc7 26.Rxc7 Rd8 27.Nd4 Bxd4 28.Bxd4 Kf8 29.Kf1 f6 30.Ke2 Ke8
31.Ke3 Rb8 32.Ra7 Bb7 33.f4 Kd8 34.Bc3 Kc8 35.g5 hxg5 36.fxg5 Ra8 37.Rxa8+ Bxa8
38.gxf6 gxf6 39.h4 Kd8 40.h5 Ke7 41.h6 Kf7 42.h7 Kg7 43.Bh3 Kxh7  1-0

[Event "7th Itau Cup"]
[Site "Sao Paulo BRA"]
[Date "2003.10.04"]
[Round "8"]
[White "Fernando,D"]
[Black "Trois,F"]
[Result "1-0"]
[WhiteElo "2391"]
[BlackElo "2364"]

1.e4 c5 2.Nf3 a6 3.Nc3 e6 4.d4 cxd4 5.Nxd4 Qc7 6.Bd3 g6 7.Be3 Bg7 8.Qd2 Nc6
9.Nb3 Nf6 10.Bh6 Bxh6 11.Qxh6 Ng4 12.Qd2 h5 13.h3 Nge5 14.f4 Nxd3+ 15.cxd3 d6
16.O-O Qb6+ 17.Kh1 Bd7 18.d4 O-O-O 19.d5 Ne7 20.dxe6 fxe6 21.Rad1 Be8 22.Qe1 Kb8
23.Qh4 Nc6 24.Qf6 Rh7 25.Qxe6 Bf7 26.Qf6 Nb4 27.e5 Bc4 28.Na4 Qc7 29.exd6 Qc8
30.Nb6 Rf7  1-0

[Event "Open"]
[Site "Winterthur SUI"]
[Date "2003.10.04"]
[Round "2"]
[White "Siegfried,H"]
[Black "Miezis,N"]
[Result "0-1"]
[WhiteElo "2003"]
[BlackElo "2525"]

1.e4 c5 2.Nf3 e6 3.d4 cxd4 4.Nxd4 a6 5.Nc3 Qc7 6.Bd3 Nc6 7.Nxc6 dxc6 8.Be3 Nf6
9.f4 e5 10.f5 h5 11.h3 b5 12.a3 Bb7 13.Qf3 O-O-O 14.O-O-O c5 15.Bg5 Rd4 16.Rhe1 b4
17.axb4 cxb4 18.Nb1 Be7 19.h4 Rhd8 20.Bxf6 Bxf6 21.g3 R8d6 22.c3 Rb6 23.Bc2 bxc3
24.Nxc3 Kb8 25.Re3 Rdb4 26.Nd5 Bxd5 27.Rxd5 Rxb2 28.Rc3 Qe7 29.Rdc5 Rb7 30.Qe3 R2b6
31.Rc8+ Ka7 32.Rb3 Qd6 33.Rxb6 Rxb6 34.Qc3 Kb7 35.Rc5 Be7 36.Rd5 Qa3+ 37.Qxa3 Bxa3+
38.Kd1 Bd6 39.Rd3 a5 40.Rb3 Bb4 41.Ke2 Rc6 42.Kd1 Kc7 43.Rd3 Rc4 44.Bb3 Rxe4
45.Bxf7 Re1+ 46.Kc2 e4 47.Rd1 Re2+ 48.Kb3 Rg2 49.Bxh5 e3 50.Rc1+ Kd6 51.Rc2 a4+  0-1

[Event "Arctic Cup u16"]
[Site "Salekhard RUS"]
[Date "2003.10.07"]
[Round "3"]
[White "Lodoev,A"]
[Black "Rehberg,R"]
[Result "1-0"]
[WhiteElo "2118"]
[BlackElo "2042"]

1.e4 c5 2.Nf3 e6 3.d4 cxd4 4.Nxd4 a6 5.Nc3 b5 6.Be3 Bb7 7.f3 Qc7 8.Be2 Nf6
9.O-O b4 10.Na4 Bd6 11.h3 Nh5 12.Bf2 Bh2+ 13.Kh1 Ng3+ 14.Bxg3 Bxg3 15.a3 bxa3
16.Rxa3 d6 17.f4 Bh4 18.f5 e5 19.Nf3 Bg3 20.Nd2 Bf4 21.Nc4 Ke7 22.Rc3 Bxe4
23.Nxe5 Qb7 24.Rxf4 Bxg2+ 25.Kh2 dxe5 26.f6+ gxf6 27.Rxf6 Qd7 28.Qe1 Qxa4
29.Bg4 Nd7 30.Bxd7 Kxd7 31.Qxe5  1-0

[Event "zt 3.1a"]
[Site "Dubai UAE"]
[Date "2003.10.08"]
[Round "4"]
[White "Raes,A"]
[Black "Ayyad,M"]
[Result "1-0"]
[WhiteElo "2212"]
[BlackElo "2092"]

1.e4 c5 2.Nf3 e6 3.Nc3 a6 4.d4 cxd4 5.Nxd4 Qc7 6.Be2 Nc6 7.Be3 Nf6 8.O-O Be7
9.f4 d6 10.Kh1 O-O 11.Qe1 Bd7 12.Qg3 b5 13.Bd3 Nb4 14.Rac1 Qb7 15.e5 Nh5
16.Qh3 Nxd3 17.cxd3 g6 18.Rf3 f5 19.exf6 Bxf6 20.Nxe6 Ng7 21.f5 Nxf5 22.Nxf8 Rxf8
23.Rf2 Be5 24.Bf4 Ng7 25.Qe3 Nf5 26.Qd2 Bd4 27.Re2 Nh4 28.Ne4 Bg4 29.Bxd6 Rf7
30.Qg5 Bxe2 31.Qxh4 Qc6 32.Qd8+ Kg7 33.Bf8+ Rxf8 34.Qxd4+  1-0

[Event "Femida"]
[Site "Kharkov UKR"]
[Date "2003.10.09"]
[Round "4"]
[White "Komiagina,M"]
[Black "Dvoretska,O"]
[Result "1/2-1/2"]
[WhiteElo "2287"]
[BlackElo "2212"]

1.e4 c5 2.Nf3 e6 3.d4 cxd4 4.Nxd4 a6 5.Nc3 Qc7 6.Bd3 Nc6 7.Be3 b5 8.O-O Bb7
9.Qe2 Nf6 10.Kh1 Nxd4 11.Bxd4 Bc5 12.Bxc5 Qxc5 13.e5 b4 14.exf6 bxc3 15.fxg7 Rg8
16.b4 Rxg7 17.f3 Qg5 18.a4 Ke7 19.Rg1 Qf4 20.Raf1 Rg5 21.g3 Qf6 22.Qf2 a5
23.b5 Rg4 24.Qc5+ Ke8 25.Kg2 Rxa4 26.Qc7 Bd5 27.Rf2 Rb4 28.Ra1 a4 29.Ra3 Rb1  1/2-1/2